Gene expression (Record no. 6752)
[ view plain ]
| 000 -LEADER | |
|---|---|
| fixed length control field | 01156nam a2200373 a 4500 |
| 001 - CONTROL NUMBER | |
| control field | 6752 |
| 003 - CONTROL NUMBER IDENTIFIER | |
| rucl marc code | BD-RjUL |
| 005 - DATE AND TIME OF LATEST TRANSACTION | |
| control field | 20211208234315.0 |
| 008 - FIXED-LENGTH DATA ELEMENTS--GENERAL INFORMATION | |
| fixed length control field | 140112m19741977enk b 001 0 eng d |
| 020 ## - INTERNATIONAL STANDARD BOOK NUMBER | |
| International Standard Book Number | 0471531677 (v.1) |
| International Standard Book Number | 0471531685 (pbk(v.1) |
| International Standard Book Number | 0471531707 (v.3) |
| International Standard Book Number | 0471027154 (pbk(v.3) |
| International Standard Book Number | 0471531669 (pbk(v.2) |
| 035 ## - SYSTEM CONTROL NUMBER | |
| System control number | (BD-RjUL)6793 |
| 040 ## - CATALOGING SOURCE | |
| Original cataloging agency | DLC |
| Transcribing agency | DLC |
| Modifying agency | m.c. |
| Language of cataloging | eng |
| 041 ## - LANGUAGE CODE | |
| Language code of text/sound track or separate title | eng |
| 060 #0 - NATIONAL LIBRARY OF MEDICINE CALL NUMBER | |
| Classification number | QH450 G326 |
| 082 ## - DEWEY DECIMAL CLASSIFICATION NUMBER | |
| Classification number | 574.87322 |
| Author mark and year | LEG 1977 |
| 100 1# - MAIN ENTRY--PERSONAL NAME | |
| Personal name | Lewin, Benjamin. |
| 9 (RLIN) | 21238 |
| 245 10 - TITLE STATEMENT | |
| Title | Gene expression |
| Statement of responsibility, etc. | Benjamin Lewin. |
| Number of part/section of a work | Volume 3 / |
| 260 ## - PUBLICATION, DISTRIBUTION, ETC. (IMPRINT) | |
| Place of publication, distribution, etc. | London : |
| Name of publisher, distributor, etc. | Wiley, |
| Date of publication, distribution, etc. | c1977. |
| 300 ## - PHYSICAL DESCRIPTION | |
| Pagination | xiv, 925 p. : |
| Illustrations | ill. ; |
| Size | 23 cm. |
| 500 ## - GENERAL NOTE | |
| General note | "A Wiley-Interscience publication." |
| 504 ## - BIBLIOGRAPHY, ETC. NOTE | |
| Bibliography, etc | Includes bibliographical references and indexes. |
| 505 1# - FORMATTED CONTENTS NOTE | |
| Formatted contents note | v. 1. Bacterial genomes - v. 2. Eucaryotic chromosomes. - v. 3. Plasmids and phages |
| 650 #0 - SUBJECT ADDED ENTRY--TOPICAL TERM | |
| Topical term or geographic name as entry element | Gene expression. |
| 9 (RLIN) | 21239 |
| Topical term or geographic name as entry element | Molecular genetics. |
| 9 (RLIN) | 21240 |
| 942 ## - ADDED ENTRY ELEMENTS (KOHA) | |
| Source of classification or shelving scheme | Dewey Decimal Classification |
| Koha item type | Books |
| Lost status | Source of classification or shelving scheme | Damaged status | Not for loan | Collection code | Permanent Location | Current Location | Shelving location | Date acquired | Source of acquisition | Cost, normal purchase price | Total Checkouts | Full call number | Date last seen | Copy number | Koha item type |
|---|---|---|---|---|---|---|---|---|---|---|---|---|---|---|---|
| Dewey Decimal Classification | Not For Loan | Non-fiction | Central Library, University of Rajshahi | Central Library, University of Rajshahi | 09/12/1985 | Topan | 58.85 | 574.87322 LEG 1977 | 12/01/2014 | C-1 | Books |